Iṅgrajī satteviruddha Mahārāshṭrāntīla saśastra uṭhāva, 1818-1860. (Record no. 65159)

MARC details
000 -LEADER
fixed length control field 00733cam a22002291 4500
001 - CONTROL NUMBER
control field sa 65007477
003 - CONTROL NUMBER IDENTIFIER
control field DLC
005 - DATE AND TIME OF LATEST TRANSACTION
control field 20260227112148.0
008 - FIXED-LENGTH DATA ELEMENTS--GENERAL INFORMATION
fixed length control field 940105s1959 ii b b 000 0 mar
010 ## - LIBRARY OF CONGRESS CONTROL NUMBER
LC control number sa 65007477
035 ## - SYSTEM CONTROL NUMBER
System control number (OCoLC)29577953
040 ## - CATALOGING SOURCE
Original cataloging agency DLC
Transcribing agency NRU
Modifying agency DLC
042 ## - AUTHENTICATION CODE
Authentication code premarc
050 00 - LIBRARY OF CONGRESS CALL NUMBER
Classification number DS485.M34
Item number K5
100 1# - MAIN ENTRY--PERSONAL NAME
Personal name Khobarekara, Viṭhṭhala Gopāḷa,
Dates associated with a name 1923-
245 10 - TITLE STATEMENT
Title Iṅgrajī satteviruddha Mahārāshṭrāntīla saśastra uṭhāva, 1818-1860.
Statement of responsibility, etc. Lekhaka Viṭhala Gopāḷa Khobarekara.
260 ## - PUBLICATION, DISTRIBUTION, ETC.
Place of publication, distribution, etc. Mumbaī,
Name of publisher, distributor, etc. Pāpyulara Buka Ḍipo,
Date of publication, distribution, etc. 1959.
300 ## - PHYSICAL DESCRIPTION
Extent 7, 84 p.
Other physical details map.
Dimensions 22 cm.
500 ## - GENERAL NOTE
General note In Marathi.
504 ## - BIBLIOGRAPHY, ETC. NOTE
Bibliography, etc. note Includes bibliographies.
651 #0 - SUBJECT ADDED ENTRY--GEOGRAPHIC NAME
Geographic name Maharashtra (India)
General subdivision History.

No items available.

Powered by Koha